000
00280nam a22000977a 4500
008
231013b |||||||| |||| 00| 0 eng d
020
_a
9789353451370
100
_a
Dua Satish Gen LT
_9
7717
245
_a
Untold Stories From the Indian Army
260
_a
New Delhi
_b
Juggernaut Books
_c
2020
999
_c
12450
_d
12450